000 00530nam a22001577a 4500
008 150515b xxu||||| |||| 00| 0 eng d
020 _a905704191X
082 _a705
_bM 559l
100 _aMerewether, Charles
_92639
245 _aLauren Berkowitz
_cMerewether, Charles
260 _aAustralia
_bKyodo Printing Co. Singapore
_c2001
300 _a60 p.
_bill. (col)
_c19.5x23.5
440 _aArt n' Australia Monograph 7
_92640
650 _xBerkowitz,Lauren-1965-
_xArte moderno
_xS.20
_zAustralia
_92641
700 _aCharles Merewether
_92642
999 _c588
_d588